000 00277nam a2200097Ia 4500
082 _a363.73874 MAY
245 0 _aGlobal warming for dummies
100 _a MAY, Elizabeth Mississauga, ON, [c.2009]
_975828
942 _cBK
008 210817s9999 xx 000 0 und d
999 _c425544
_d425543